Brain and behaviour (Record no. 32147)
[ view plain ]
| 000 -LEADER | |
|---|---|
| fixed length control field | 00552nam a22001937a 4500 |
| 008 - FIXED-LENGTH DATA ELEMENTS--GENERAL INFORMATION | |
| fixed length control field | 230519b |||||||| |||| 00| 0 eng d |
| 020 ## - INTERNATIONAL STANDARD BOOK NUMBER | |
| International Standard Book Number | 81723615211 |
| 040 ## - CATALOGING SOURCE | |
| Original cataloging agency | National Science Library |
| Transcribing agency | National Science Library |
| 080 ## - UNIVERSAL DECIMAL CLASSIFICATION NUMBER | |
| Universal Decimal Classification number | 612.82 |
| Item number | N7 |
| 100 ## - MAIN ENTRY--PERSONAL NAME | |
| Personal name | Pandya, Sunil K |
| 9 (RLIN) | 9382 |
| 245 ## - TITLE STATEMENT | |
| Title | Brain and behaviour |
| 260 ## - PUBLICATION, DISTRIBUTION, ETC. | |
| Place of publication, distribution, etc. | New Delhi: |
| Name of publisher, distributor, etc. | National Institute of Science Communication, |
| Date of publication, distribution, etc. | 1997 |
| 300 ## - PHYSICAL DESCRIPTION | |
| Extent | 102p. |
| 650 ## - SUBJECT ADDED ENTRY--TOPICAL TERM | |
| Topical term or geographic name entry element | Science |
| 653 ## - INDEX TERM--UNCONTROLLED | |
| Uncontrolled term | Neural networks |
| 653 ## - INDEX TERM--UNCONTROLLED | |
| Uncontrolled term | Molecules of memory |
| 700 ## - ADDED ENTRY--PERSONAL NAME | |
| Personal name | Shah, Nikhil |
| 942 ## - ADDED ENTRY ELEMENTS (KOHA) | |
| Source of classification or shelving scheme | Universal Decimal Classification |
| Koha item type | Books |
| Withdrawn status | Lost status | Source of classification or shelving scheme | Damaged status | Not for loan | Home library | Current library | Shelving location | Date acquired | Total Checkouts | Full call number | Barcode | Date last seen | Price effective from | Koha item type |
|---|---|---|---|---|---|---|---|---|---|---|---|---|---|---|
| Universal Decimal Classification | National Science Library | National Science Library | GF/Rk-11/C-17/R-1 | 07/08/2004 | 612.82 N7 | 183840 | 19/05/2023 | 07/08/2004 | Books | |||||
| Universal Decimal Classification | National Science Library | National Science Library | GF/Rk-11/C-17/R-1 | 30/06/1998 | 612.82 N4 | 177891 | 19/05/2023 | 30/06/1998 | Books |